Lyrics Aerosmith - I Don't Want To Miss A Thing - Statistics

General Stats
  • This quiz has been taken 4,150 times
  • The average score is 40 of 45
Answer Stats
Answer % Correct
Just to {hear} you breathing
99%
And I don't wanna miss a {thing}
98%
And I don't wanna {miss} a thing
98%
'Cause i'd {miss} you, baby
98%
Don't wanna close my {eyes}
98%
Don't wanna close my {eyes}
98%
Don't wanna fall {asleep}
98%
I don't wanna fall {asleep}
98%
'Cause even when I {dream} of you
97%
And {I} don't wanna miss a thing
96%
I could spend my {life} in this sweet surrender
96%
'Cause I'd miss {you}, baby
95%
Feeling your {heart} beating
95%
I don't wanna {close} my eyes
95%
I don't wanna {fall} asleep
94%
Every {moment} spent with you
93%
I could stay {awake}
93%
I {don't} wanna miss one smile
93%
{And} I don't wanna miss a thing
92%
And I don't {wanna} miss a thing
92%
'Cause I'd miss you, {baby}
92%
I'd still miss you, {baby}
92%
Well, I just wanna be {with} you
92%
Wondering if it's {me} you're seeing
92%
In this moment {forever}, {forever} and ever
91%
I don't wanna miss {one} kiss
90%
I feel your heart so close to {mine}
90%
The sweetest dream would {never} do
89%
While you're far away and {dreaming}
89%
Is a moment I {treasure}
88%
The {sweetest} dream would never do
88%
Thank God we're {together}
87%
'Cause {even} when I dream of you
86%
For the rest of {time}, yeah, yeah, yeah!
86%
I'd {still} miss you, baby
85%
I just wanna {hold} you close
85%
And I just wanna {stay} with you
83%
And I'm {wondering} what you're dreaming,
83%
And just stay {here} in this moment
82%
Watch you {smile} while you are sleeping
81%
Right here with you, just like {this}
80%
Then I {kiss} your eyes and
73%
.... {I} {don't} {wanna} {miss} {a} {thing}
64%
{Lying} close to you
63%
I could stay {lost} in this moment forever
62%
No matching quizzes found
Score Distribution
Percent of People with Each Score
Percentile by Number Answered
Your Score History
You have not taken this quiz